[Event "Stay Safe Play From Home 137"]
[Site "T#645928Emanuel Laske"]
[Date "2020.05.10"]
[Round "9"]
[White "SoulofWolf"]
[Black "Greblha"]
[Result "1-0"]
[WhiteElo "2158"]
[BlackElo "1972"]
[Annotator "TA"]
[PlyCount "95"]
[EventDate "2020.05.10"]
[EventType "swiss (blitz)"]

{[%evp 9,95,27,30,11,11,-10,3,4,6,2,28,26,26,4,41,38,41,17,57,0,28,6,40,-4,8,-8,18,-8,0,0,16,14,166,12,14,16,9,-59,26,-45,-36,-51,38,-18,41,-50,-6,-9,-10,-3,-25,-43,-7,-21,0,0,0,-48,-15,-24,0,-68,83,-82,-63,-623,1467,480,2011,1837,2327,2113,1715,849,29992,29992,29994,29995,29995,29996,29999,29995,29995,29996,29996,29997,29997,29998]} 1. Nf3 c6 2. c4 d5 3. e3 Nf6 4. b3 g6 5. Bb2 Bg7 6. d3 {A12: English Opening: 1...c6 with b3 by White.} O-O 7. Nc3 Bg4 8. Be2 {[#] The position is equal.} Bxf3 $146 ({Predecessor:} 8... Nbd7 9. O-O Qa5 10. Qc2 Rac8 11. h3 Bxf3 12. Bxf3 dxc4 13. dxc4 {½-½ (13) Jakubec,B (2005)-Magat,J (2107) Slovakia 2005}) 9. Bxf3 e6 10. O-O Nbd7 11. Ne2 Nb6 12. Qc2 Re8 13. a4 dxc4 14. dxc4 (14. bxc4 $14 Nbd7 15. a5) 14... e5 15. Rfd1 Qe7 {Strongly threatening ...e4.} 16. e4 Rad8 17. Ba3 Qc7 18. h3 h5 19. Bb4 Bh6 20. Ba5 {And now c5 would win.} Qc8 $2 {[#]} (20... Rxd1+ $1 $11 {and Black has nothing to worry.} 21. Rxd1 Qe7) 21. c5 $2 (21. Rxd8 $1 $18 Rxd8 22. c5) 21... Rxd1+ $11 22. Rxd1 Nbd7 23. Bc3 (23. Nc1 $11) 23... b6 (23... Nxc5 $15 24. b4 Ncd7) 24. b4 (24. cxb6 $11 axb6 25. Nc1) 24... bxc5 $15 25. bxc5 Nb8 (25... Nxc5 $15 26. Bd2 Bf8) 26. Qb2 ({Better is} 26. Nc1 $14) 26... Qe6 (26... Qc7 $11) 27. Ng3 (27. Rd6 $14 Qe7 28. Ng3) 27... Nbd7 28. Bb4 Rb8 29. Qc3 $1 Bf8 30. Rc1 Ne8 31. Be2 Nc7 32. Bc4 Qe7 33. Ba2 Na6 34. Ba3 Naxc5 35. Ne2 (35. Qf3 $11 Rb7 36. Ne2) 35... Qg5 $2 ({Stronger than} 35... Nxe4 36. Qxc6 Qf6 37. Qxe4 $16) (35... Qf6 $15 {keeps the upper hand.} 36. Qe3 Nxa4 37. Bxf8 Rxf8) 36. f3 $2 (36. Qf3 $16 {is forced if you want to stay better.} Ne6 37. Bxe6 (37. Rxc6 Re8 $16) 37... fxe6 38. Rxc6) 36... Nxa4 37. Qc2 $2 {[%mdl 8192]} (37. Qc4 $15 Bxa3 38. Qxf7+ Kh8 39. Rxc6) 37... Qg3 $4 {[%mdl 8192] [#]} (37... Bxa3 $19 38. Rd1 Nac5) 38. Bxf8 (38. Qc4 $142 $1 {[%mdl 512]} Bc5+ 39. Bxc5) 38... Rxf8 (38... Qg5 $142 39. Qxc6 Nab6) 39. Nxg3 $18 Nac5 40. Ne2 Rb8 41. Qxc5 a5 {[#]} 42. Qc4 $1 {White mates.} Nc5 43. Qxf7+ {[%mdl 64] Double Attack} Kh8 44. Rxc5 Rg8 45. Rxc6 {[%csl Ga2][%cal Rf7g8]} Rg7 46. Rc8+ Kh7 47. Qf8 {[%csl Gc8][%cal Rf8h8]} Kh6 48. h4 {Accuracy: White = 48%, Black = 37%.} 1-0

[Event "Stay Safe Play From Home 137"]
[Site "T#645928Emanuel Laske"]
[Date "2020.05.10"]
[Round "9"]
[White "Haxhi Baha"]
[Black "Emresenar"]
[Result "1-0"]
[WhiteElo "1912"]
[BlackElo "1618"]
[Annotator "TA"]
[PlyCount "93"]
[EventDate "2020.05.10"]
[EventType "swiss (blitz)"]

{[%evp 9,92,-1,-12,-6,-1,-12,2,-12,27,-3,29,-83,-74,-73,-66,-151,-18,-87,-29,-35,-14,-11,1,6,0,-6,71,20,13,-11,132,115,151,146,210,189,362,372,347,189,286,306,370,368,392,392,356,336,365,322,387,359,1733,1691,2581,2883,2665,2652,29985,29985,29985,29986,29991,29992,29993,29993,29993,29994,29994,29995,29995,29996,29997,29998,29998,29999,29999,29997,29997,29998,29998,29999,29999,29999,29999]} 1. e4 b6 2. Nf3 Bb7 3. d3 Nf6 4. Nc3 d6 5. h3 {[#]} g6 $146 ({Predecessor:} 5... Nc6 6. Be2 h6 7. Be3 g5 8. g4 Bg7 9. Qd2 Nd7 10. h4 f5 11. gxf5 g4 {0-1 (59) Hibbard,M-Mandoshkin,J London,Canada 1993}) 6. Be3 {B00: Queen's Fianchetto Defence, Nimzowitsch Defence.} Bg7 7. Qd2 Nbd7 8. O-O-O {The position is equal.} c5 9. g4 a6 10. Ng5 (10. Bh6 $11 O-O 11. Bxg7 Kxg7 12. Rg1) 10... h6 11. Nf3 Qc7 12. h4 (12. g5 $15 hxg5 13. Bg2) 12... O-O-O (12... Nxg4 $17 {Strongly threatening ...b5.} 13. Nd5 Qd8) 13. Bg2 (13. g5 $11 {remains equal.} hxg5 14. Nxg5) 13... e6 (13... Nxg4 $17 14. Nd5 Bxd5 15. exd5 Qb7) 14. g5 $11 hxg5 15. Nxg5 Rhf8 16. f4 Nh5 17. Bf3 Bh6 (17... d5 $11 18. exd5 Bxc3 19. Qxc3 (19. bxc3 Bxd5 20. Bxd5 exd5 $15) 19... Bxd5) 18. Bxh5 (18. f5 $16) 18... gxh5 19. Qe2 Bxg5 (19... Nf6 $11 {keeps the balance.}) 20. hxg5 $16 {White stays focused until the end.} Rh8 21. Rxh5 Rxh5 (21... b5 $16 22. Rdh1 Rxh5 23. Qxh5 (23. Rxh5 d5 $16) 23... b4) 22. Qxh5 $18 d5 $2 (22... Rf8 23. Qh3 Kb8) 23. Qxf7 d4 24. Qxe6 (24. g6 $142) 24... dxc3 (24... dxe3 $142 25. e5 b5) 25. bxc3 Kb8 26. f5 Nf8 27. Qf6 Nd7 28. Qh6 Qg3 29. Bd2 c4 30. g6 {And now Bf4+ would win.} cxd3 $2 (30... Ka8 31. Qf4 Qxf4 32. Bxf4 Rg8) 31. Bf4+ Qxf4+ 32. Qxf4+ Ka8 33. cxd3 Rf8 34. g7 {White mates.} Rg8 35. f6 Nxf6 36. Qxf6 Bc8 {[#]} 37. Qf8 $1 Rxf8 38. gxf8=Q Kb7 39. Rf1 Bd7 {[#]} 40. Rf7 $1 a5 41. Rxd7+ Ka6 42. Qc8+ Kb5 43. c4+ Ka4 44. Kb2 b5 {[#]} 45. Qa6 $1 {[%csl Gc4][%cal Ra6b5]} bxc4 46. Qc6+ Kb4 47. Qxc4# {Accuracy: White = 61%, Black = 28%.} 1-0

[Event "Stay Safe Play From Home 137"]
[Site "T#645928Emanuel Laske"]
[Date "2020.05.10"]
[Round "9"]
[White "Sfantul321"]
[Black "lazieri3"]
[Result "0-1"]
[WhiteElo "1899"]
[BlackElo "2058"]
[Annotator "TA"]
[PlyCount "44"]
[EventDate "2020.05.10"]
[EventType "swiss (blitz)"]

{[%evp 11,44,-10,26,0,0,0,0,0,0,0,3,-18,16,0,22,25,32,0,0,-12,0,-12,-14,-181,-174,-187,-128,-131,-128,-127,-125,-245,-128,-1635,-1635]} 1. c4 c6 2. Nc3 d5 3. cxd5 cxd5 4. d4 Nc6 5. Nf3 Nf6 6. Bg5 e6 7. Bxf6 {D13: Slav Defence: Exchange variation without ...Bf5.} Qxf6 8. e3 Bb4 9. Bd3 {[#] The position is equal.} Bxc3+ $146 ({Predecessor:} 9... O-O 10. O-O Bd6 11. Nb5 Bb8 12. Rc1 a6 13. Nc3 g6 14. Na4 e5 15. Nb6 e4 16. Nxd5 {1-0 (30) Garcia Benitez,O (1877)-Vargas Rodriguez,W (2013) San Nicolas de Bari 2009}) 10. bxc3 O-O 11. Rb1 Qe7 12. O-O h6 13. Re1 b6 14. Bc2 Bb7 15. Qd3 {[%csl Gc2][%cal Rd3h7] [#]} g6 16. e4 dxe4 17. Qxe4 $2 (17. Rxe4 $11 {and White has nothing to worry.} Qf6 18. Ree1) 17... Nb4 $1 $19 18. Qe2 Nxc2 ({Worse is} 18... Nxa2 19. Qc4 $15) (18... Bxf3 $1 $19 19. gxf3 Qg5+ 20. Kh1 Nd5) 19. Qxc2 $17 Bxf3 $1 20. gxf3 Rac8 21. Qe4 (21. Rb5 $17 {keeps fighting.}) 21... Qf6 (21... Rxc3 $19 22. Qf4 Qg5+ 23. Qxg5 hxg5) 22. Qf4 $2 {[%mdl 8192] [#]} (22. Re3 $17) 22... Qxf4 {Accuracy: White = 40%, Black = 72%.} 0-1

[Event "Stay Safe Play From Home 137"]
[Site "T#645928Emanuel Laske"]
[Date "2020.05.10"]
[Round "9"]
[White "Chase the sun"]
[Black "Weltszmerc"]
[Result "0-1"]
[WhiteElo "1811"]
[BlackElo "2017"]
[Annotator "RC"]
[PlyCount "58"]
[EventDate "2020.05.10"]
[EventType "swiss (blitz)"]

1. e4 {[%emt 0:00:05]} Nf6 {[%emt 0:00:00]} 2. e5 {[%emt 0:00:02]} Nd5 {[%emt 0:00:01]} 3. d4 {[%emt 0:00:00]} Nb6 {[%emt 0:00:00]} 4. f4 {[%emt 0:00:02]} d6 {[%emt 0:00:00]} 5. Nf3 {[%emt 0:00:00]} dxe5 {[%emt 0:00:01]} 6. fxe5 {[%emt 0:00:00]} Bg4 {[%emt 0:00:01]} 7. c3 {[%emt 0:00:00]} e6 {[%emt 0:00:01]} 8. Bd3 {[%emt 0:00:02]} Be7 {[%emt 0:00:01]} 9. O-O {[%emt 0:00:01]} c5 {[%emt 0:00:01]} 10. Be3 {[%emt 0:00:03]} cxd4 {[%emt 0:00:01]} 11. cxd4 {[%emt 0:00:00]} Nc6 {[%emt 0:00:01]} 12. Qe1 {[%emt 0:00:01]} Bh5 {[%emt 0:00:01]} 13. Qg3 {[%emt 0:00:02]} Bg6 {[%emt 0:00:01]} 14. Bxg6 {[%emt 0:00:02]} hxg6 {[%emt 0:00:00]} 15. Nbd2 {[%emt 0:00:02]} Nd5 {[%emt 0:00:01]} 16. Ng5 {[%emt 0:00:01]} Nxe3 {[%emt 0:00:06]} 17. Qxe3 {[%emt 0:00:02]} Bxg5 {[%emt 0:00:02]} 18. Qb3 {[%emt 0:00:04]} Bxd2 {[%emt 0:00:04]} 19. Qxb7 {[%emt 0:00:02]} O-O {[%emt 0:00:01]} 20. Qxc6 {[%emt 0:00:01]} Qxd4+ {[%emt 0:00:01]} 21. Kh1 {[%emt 0:00:01]} Rab8 {[%emt 0:00:00]} 22. b3 {[%emt 0:00:02]} Qxe5 {[%emt 0:00:02]} 23. Qf3 {[%emt 0:00:02]} Qd5 {[%emt 0:00:02]} 24. Qe2 {[%emt 0:00:02]} Bc3 {[%emt 0:00:02]} 25. Rad1 {[%emt 0:00:02]} Qb5 {[%emt 0:00:01]} 26. Qc2 {[%emt 0:00:08]} Bf6 {[%emt 0:00:01]} 27. Rd3 {[%emt 0:00:03]} Rbc8 {[%emt 0:00:01]} 28. Qd2 {[%emt 0:00:02]} Rcd8 {[%emt 0:00:01]} 29. Rxd8 {[%emt 0:00:01]} Qxf1# {[%emt 0:00:01] (Lag: Av=0.69s, max=1.4s)} 0-1

[Event "Stay Safe Play From Home 137"]
[Site "T#645928Emanuel Laske"]
[Date "2020.05.10"]
[Round "9"]
[White "NeatFox"]
[Black "Edmatuag"]
[Result "1-0"]
[WhiteElo "1739"]
[BlackElo "1675"]
[Annotator "NA RC"]
[PlyCount "73"]
[EventDate "2020.05.10"]
[EventType "swiss (blitz)"]

1. g4 {[%emt 0:00:01]} d6 {[%emt 0:00:00]} 2. Bg2 {[%emt 0:00:00]} g6 {[%emt 0:00:00]} 3. c4 {[%emt 0:00:00]} Bg7 {[%emt 0:00:00]} 4. Qb3 {[%emt 0:00:01]} Nf6 {[%emt 0:00:00]} 5. Bxb7 {[%emt 0:00:01]} e5 {[%emt 0:00:00]} 6. Bxa8 {[%emt 0:00:02]} Bb7 {[%emt 0:00:00]} 7. Bxb7 {[%emt 0:00:01]} Nbd7 {[%emt 0:00:00]} 8. g5 {[%emt 0:00:01]} Ne4 {[%emt 0:00:02]} 9. Bxe4 {[%emt 0:00:02]} Qxg5 {[%emt 0:00:01]} 10. Nf3 {[%emt 0:00:02]} Qg2 {[%emt 0:00:01]} 11. Rg1 {[%emt 0:00:01]} Qh3 {[%emt 0:00:02]} 12. d3 {[%emt 0:00:01]} f5 {[%emt 0:00:01]} 13. Bd5 {[%emt 0:00:01]} e4 {[%emt 0:00:01]} 14. dxe4 {[%emt 0:00:01]} fxe4 {[%emt 0:00:00]} 15. Bxe4 {[%emt 0:00:00]} Qe6 {[%emt 0:00:01]} 16. Bd5 {[%emt 0:00:02]} Qe5 {[%emt 0:00:01]} 17. Nxe5 {[%emt 0:00:01]} Nxe5 {[%emt 0:00:01]} 18. c5 {[%emt 0:00:01]} Kd7 {[%emt 0:00:01]} 19. c6+ {[%emt 0:00:01]} Ke7 {[%emt 0:00:01]} 20. Qf3 {[%emt 0:00:02]} Rf8 {[%emt 0:00:01]} 21. Qe3 {[%emt 0:00:01]} Kd8 {[%emt 0:00:03]} 22. f4 {[%emt 0:00:01]} Nf7 {[%emt 0:00:02]} 23. Bxf7 {[%emt 0:00:02]} Rxf7 {[%emt 0:00:01]} 24. Nc3 {[%emt 0:00:02]} Re7 {[%emt 0:00:01]} 25. Qf3 {[%emt 0:00:02]} Bd4 {[%emt 0:00:03]} 26. e3 {[%emt 0:00:01]} Bb6 {[%emt 0:00:05]} 27. Bd2 {[%emt 0:00:01]} d5 {[%emt 0:00:01]} 28. Rg5 {[%emt 0:00:02]} d4 {[%emt 0:00:01]} 29. Rd5+ {[%emt 0:00:01]} Kc8 {[%emt 0:00:02]} 30. Ne4 {[%emt 0:00:01]} dxe3 {[%emt 0:00:02]} 31. Bxe3 {[%emt 0:00:00]} Bxe3 {[%emt 0:00:01]} 32. Qxe3 {[%emt 0:00:01]} g5 {[%emt 0:00:01]} 33. Qxa7 {[%emt 0:00:02]} Rxe4+ {[%emt 0:00:02]} 34. Kf2 {[%emt 0:00:01]} Rb4 {[%emt 0:00:01]} 35. Re1 {[%emt 0:00:03]} Rxf4+ {[%emt 0:00:02]} 36. Kg3 {[%emt 0:00:01]} Rf8 {[%emt 0:00:02]} 37. Qa8# {[%emt 0:00:01] (Lag: Av=0.40s, max=1.0s)} 1-0

[Event "Stay Safe Play From Home 137"]
[Site "T#645928Emanuel Laske"]
[Date "2020.05.10"]
[Round "9"]
[White "Haris kollari 13"]
[Black "Zacko1"]
[Result "0-1"]
[WhiteElo "1717"]
[BlackElo "1791"]
[Annotator "NA RC"]
[PlyCount "48"]
[EventDate "2020.05.10"]
[EventType "swiss (blitz)"]

1. e4 {[%emt 0:00:02]} c5 {[%emt 0:00:01]} 2. Nf3 {[%emt 0:00:01]} Nc6 {[%emt 0:00:00]} 3. d4 {[%emt 0:00:01]} cxd4 {[%emt 0:00:00]} 4. Nxd4 {[%emt 0:00:01]} Nf6 {[%emt 0:00:01]} 5. Nc3 {[%emt 0:00:01]} d6 {[%emt 0:00:01]} 6. f4 {[%emt 0:00:01]} g6 {[%emt 0:00:01]} 7. Be3 {[%emt 0:00:01]} Bg7 {[%emt 0:00:00]} 8. Qd2 {[%emt 0:00:01]} Ng4 {[%emt 0:00:01]} 9. Bg1 {[%emt 0:00:01]} O-O {[%emt 0:00:01]} 10. h3 {[%emt 0:00:01]} Nf6 {[%emt 0:00:01]} 11. g4 {[%emt 0:00:01]} e5 {[%emt 0:00:04]} 12. Nf3 {[%emt 0:00:02]} exf4 {[%emt 0:00:01]} 13. Qxf4 {[%emt 0:00:02]} Ne5 {[%emt 0:00:00]} 14. O-O-O {[%emt 0:00:02]} Nxf3 {[%emt 0:00:01]} 15. Qxf3 {[%emt 0:00:02]} Qe7 {[%emt 0:00:02]} 16. Bg2 {[%emt 0:00:01]} Be6 {[%emt 0:00:03]} 17. Be3 {[%emt 0:00:03]} Nd7 {[%emt 0:00:02]} 18. Rhe1 {[%emt 0:00:03]} Ne5 {[%emt 0:00:00]} 19. Qe2 {[%emt 0:00:02]} Nc4 {[%emt 0:00:01]} 20. Bf2 {[%emt 0:00:12]} Rac8 {[%emt 0:00:06]} 21. Nd5 {[%emt 0:00:02]} Bxd5 {[%emt 0:00:05]} 22. exd5 {[%emt 0:00:01]} Bxb2+ {[%emt 0:00:02]} 23. Kb1 {[%emt 0:00:01]} Qf6 {[%emt 0:00:03]} 24. Bg3 {[%emt 0:00:11]} Na3# {[%emt 0:00:01] (Lag: Av=0.27s, max=0.5s)} 0-1

[Event "Stay Safe Play From Home 137"]
[Site "T#645928Emanuel Laske"]
[Date "2020.05.10"]
[Round "9"]
[White "Trotsky"]
[Black "SecantFX"]
[Result "0-1"]
[WhiteElo "1660"]
[BlackElo "1871"]
[Annotator "NA RC"]
[PlyCount "56"]
[EventDate "2020.05.10"]
[EventType "swiss (blitz)"]

1. d4 {[%emt 0:00:01]} b6 {[%emt 0:00:01]} 2. e3 {[%emt 0:00:01]} Bb7 {[%emt 0:00:00]} 3. c4 {[%emt 0:00:01]} c5 {[%emt 0:00:00]} 4. Nc3 {[%emt 0:00:01]} cxd4 {[%emt 0:00:00]} 5. exd4 {[%emt 0:00:01]} Nf6 {[%emt 0:00:00]} 6. Be3 {[%emt 0:00:01]} e6 {[%emt 0:00:00]} 7. f3 {[%emt 0:00:02]} Be7 {[%emt 0:00:00]} 8. Bd3 {[%emt 0:00:01]} O-O {[%emt 0:00:00]} 9. Qc2 {[%emt 0:00:00]} d5 {[%emt 0:00:00]} 10. h4 {[%emt 0:00:01]} dxc4 {[%emt 0:00:01]} 11. Bxc4 {[%emt 0:00:01]} Na6 {[%emt 0:00:01]} 12. a3 {[%emt 0:00:02]} Rc8 {[%emt 0:00:01]} 13. Bd3 {[%emt 0:00:02]} Nd5 {[%emt 0:00:02]} 14. Nh3 {[%emt 0:00:01]} Nxe3 {[%emt 0:00:01]} 15. Qb1 {[%emt 0:00:02]} Nxg2+ {[%emt 0:00:01]} 16. Kf2 {[%emt 0:00:01]} Nxh4 {[%emt 0:00:01]} 17. Bxh7+ {[%emt 0:00:04]} Kh8 {[%emt 0:00:02]} 18. Ng5 {[%emt 0:00:01]} Bxg5 {[%emt 0:00:02]} 19. Qd3 {[%emt 0:00:03]} Bxf3 {[%emt 0:00:01]} 20. Rxh4 {[%emt 0:00:05]} Bxh4+ {[%emt 0:00:03]} 21. Ke3 {[%emt 0:00:08]} Nc5 {[%emt 0:00:03]} 22. Qc2 {[%emt 0:00:03]} Qg5+ {[%emt 0:00:02]} 23. Kxf3 {[%emt 0:00:05]} Qg3+ {[%emt 0:00:02]} 24. Ke2 {[%emt 0:00:01]} Rcd8 {[%emt 0:00:03]} 25. Bd3 {[%emt 0:00:08]} Qf2+ {[%emt 0:00:01]} 26. Kd1 {[%emt 0:00:02]} Rxd4 {[%emt 0:00:01]} 27. Ne2 {[%emt 0:00:03]} Rxd3+ {[%emt 0:00:01]} 28. Qxd3 {[%emt 0:00:01]} Nxd3 {[%emt 0:00:01] Âðåìÿ (Lag: Av=0.32s, max=1.1s) .} 0-1